|
|
|
|
| LEADER |
00000cas a2200000 a 4500 |
| 001 |
vtls010205096 |
| 003 |
SK-MaSNL |
| 005 |
20260228160333.0 |
| 008 |
160503d20102023xo fr p 0 b0slo |
| 022 |
|
|
|a 1338-2608
|
| 040 |
|
|
|a SVKBB
|b slo
|c SVKBB
|d SNK
|e AACR2
|
| 041 |
0 |
|
|a slo
|
| 044 |
|
|
|a xo
|c SK
|
| 072 |
|
7 |
|a 133
|x Ezoterizmus. Okultizmus
|2 konspekt
|
| 072 |
|
7 |
|a 316.7
|x Sociológia kultúry. Kultúrny život
|2 konspekt
|
| 080 |
|
|
|a 133.526
|2 2001
|
| 080 |
|
|
|a 050
|2 2001
|
| 080 |
|
|
|a 316.728
|2 2001
|
| 080 |
|
|
|a 615.8
|2 2011
|
| 080 |
|
|
|a 379.8(051)
|2 2011
|
| 210 |
0 |
|
|a Horoskopy
|b (Bratisl.)
|
| 222 |
|
0 |
|a Horoskopy
|b (Bratislava)
|
| 245 |
0 |
0 |
|a Horoskopy
|
| 246 |
1 |
3 |
|a Horoskopy & new age lifestyle
|f 4/2011-3/2013
|
| 246 |
1 |
3 |
|a Horoskopy & lifestyle tretieho tisícročia
|f 1/2011-3/2011
|
| 246 |
1 |
3 |
|a Horoskopy & lifestyle
|f 4/2013-2023
|
| 260 |
|
|
|a Bratislava
|b Badam Creative
|c 2010-2023
|
| 300 |
|
|
|a 14 zv.
|c 23 cm
|
| 310 |
|
|
|a 2x ročne
|b 2020-2023
|
| 321 |
|
|
|a 4x ročne
|
| 362 |
0 |
|
|a No. 1 (nov./dec./jan. 2010)-no. 2 (2023)
|
| 500 |
|
|
|a Šéfredaktorka: Vladimíra Dutková-Mináčová
|
| 500 |
|
|
|a Evidenčné číslo: MK SR 4143/10
|
| 500 |
|
|
|a Ďalší podnázov: zdravie, alternatívna medicína, eko, duchovný rozvoj, vťahy
|
| 515 |
|
|
|a Titul má aj priebežné číslovanie ; v r. 2018 označenie roč. 7 ; v r. 2019 č. 1 a č. 2 má označenie roč. 8, č. 3 a č. 4 má označenie roč. 9; Č. 1/2020 má v tiráži uvedený roč. 10/december 2019 ; Č. 2/2020 má v tiráži uvedený roč. 11/október 2020 a periodicitu polročník ; r. 2023 má v tiráži uvedený roč. 15
|
| 515 |
|
|
|a V priebežnom číslovaní vynechané č. 26/2017
|
| 650 |
0 |
7 |
|a horoskopy
|2 SNKPH
|9 2079
|
| 650 |
0 |
7 |
|a životný štýl
|2 SNKPH
|9 1704
|
| 650 |
0 |
7 |
|a alternatívna medicína
|2 SNKPH
|9 901
|
| 655 |
|
7 |
|a časopisy pre voľný čas
|2 SNKPH
|9 70337
|
| 700 |
1 |
|
|a Dutková-Mináčová, Vladimíra
|4 pbd
|9 266442
|
| 852 |
|
|
|a Štátna vedecká knižnica v Banskej Bystrici
|
| 910 |
|
|
|a snk
|
| 910 |
|
|
|a svkbb
|
| 999 |
|
|
|c 2196
|d 4126
|
| 952 |
|
|
|0 0
|1 0
|4 0
|7 0
|8 1
|a SNK
|b SNK
|d 2022-12-19
|i snk2022/19097
|l 0
|o snkČSC 3616/6/2016
|p 17A1465182
|r 2026-02-21 20:11:17
|t č. 1-4, neúplné
|w 2026-02-21
|y PREZ
|z Chýba č. 1
|
| 952 |
|
|
|0 0
|1 0
|4 0
|7 0
|8 0
|a SNK
|b SNK
|d 2021-08-18
|i snk2021/10454
|l 0
|o snkČSC 3616/10-11/2020
|p 17A1435746
|r 2026-02-21 21:39:21
|t č. 1-2 + príl.
|w 2026-02-21
|y PREZ
|z Príloha: Horoskop lásky na rok 2020 ; ; Jar/2020 (február, marec, apríl) má v tiráži uvedený roč. 10/december 2019. ; ; Č. 2/2020 (november až apríl) má v tiráži uvedený roč. 11/október 2020 a periodicitu polročník.
|
| 952 |
|
|
|0 0
|1 0
|4 0
|7 0
|8 0
|a SNK
|b SNK
|d 2025-01-24
|i snk2025/1007
|l 0
|o snkČSC 3616/10-11/2020 D1
|p 17A1524973
|r 2026-02-21 21:40:18
|t č. 1-2 + príl.
|w 2026-02-21
|y PREZ
|z Príloha: Horoskop lásky na rok 2020 ; ; Jar/2020 (február, marec, apríl) má v tiráži uvedený roč. 10/december 2019. ; ; Č. 2/2020 (november až apríl) má v tiráži uvedený roč. 11/október 2020 a periodicitu polročník.
|
| 952 |
|
|
|0 0
|1 0
|4 0
|7 0
|8 0
|a SNK
|b SNK
|d 2025-01-24
|i snk2025/1008
|l 0
|o snkČSC 3616/12/2021
|p 17A1524974
|r 2026-02-21 21:40:25
|t č. 1-2
|w 2026-02-21
|y PREZ
|z Č. 1 označené ako máj až október, č. 2 označené ako november až apríl
|
| 952 |
|
|
|0 0
|1 0
|4 0
|7 0
|8 0
|a SNK
|b SNK
|d 2025-01-24
|i snk2025/1020
|l 0
|o snkČSC 3616/13/2022
|p 17A1524975
|r 2026-02-21 21:40:25
|t č. 1-2
|w 2026-02-21
|y PREZ
|z Č. 1 označené ako máj až október, č. 2 označené ako november až apríl
|
| 952 |
|
|
|0 0
|1 0
|4 0
|7 0
|8 0
|a SNK
|b SNK
|d 2025-01-24
|i snk2025/1024
|l 0
|o snkČSC 3616/15/2023
|p 17A1524976
|r 2026-02-21 21:40:25
|t č. 1-2
|w 2026-02-21
|y PREZ
|z Č. 1 označené ako máj až október, č. 2 označené ako november až apríl
|
| 952 |
|
|
|0 0
|1 0
|4 0
|7 0
|8 0
|a SNK
|b SNK
|d 2025-01-24
|i snk2025/1026
|l 0
|o snkČSC 3616/12/2021 D1
|p 17A1524977
|r 2026-02-21 21:40:25
|t č. 1-2, neúplné
|w 2026-02-21
|y PREZ
|z Chýba č. 2 ; č. 1 označené ako máj až október
|
| 952 |
|
|
|0 0
|1 0
|4 0
|7 0
|8 0
|a SNK
|b SNK
|d 2025-01-24
|i snk2025/1027
|l 0
|o snkČSC 3616/13/2022 D1
|p 17A1524978
|r 2026-02-21 21:40:28
|t č. 1-2, neúplné
|w 2026-02-21
|y PREZ
|z Chýba č. 2 ; č. 1 označené ako máj až október
|
| 952 |
|
|
|0 0
|1 0
|4 0
|7 0
|8 0
|a SNK
|b SNK
|d 2025-01-24
|i snk2025/1028
|l 0
|o snkČSC 3616/15/2023 D1
|p 17A1524979
|r 2026-02-21 21:40:28
|t č. 1-2, neúplné
|w 2026-02-21
|y PREZ
|z Chýba č. 2 ; č. 1 označené ako máj až október
|
| 952 |
|
|
|0 0
|1 0
|4 0
|7 0
|8 0
|a SNK
|b SNK
|d 2020-06-22
|i snk2020/10923
|l 0
|o snkČSC 3616/7/2017
|p 17A1388288
|r 2026-02-21 22:01:41
|t č. 1-4
|w 2026-02-21
|y PREZ
|
| 952 |
|
|
|0 0
|1 0
|4 0
|7 0
|8 0
|a SNK
|b SNK
|d 2020-06-22
|i snk2020/10930
|l 0
|o snkČSC 3616/7/2017 D1
|p 17A1388287
|r 2026-02-21 22:01:41
|t č. 1-4
|w 2026-02-21
|y PREZ
|
| 952 |
|
|
|0 0
|1 0
|4 0
|7 0
|8 0
|a SNK
|b SNK
|d 2020-06-22
|i snk2020/10952
|l 0
|o snkČSC 3616/7/2018
|p 17A1388286
|r 2026-02-21 22:01:41
|t č. 1-4
|w 2026-02-21
|y PREZ
|z Označenie roč. 7
|
| 952 |
|
|
|0 0
|1 0
|4 0
|7 0
|8 0
|a SNK
|b SNK
|d 2020-06-22
|i snk2020/10953
|l 0
|o snkČSC 3616/7/2018 D1
|p 17A1388285
|r 2026-02-21 22:01:41
|t č. 1-4
|w 2026-02-21
|y PREZ
|
| 952 |
|
|
|0 0
|1 0
|4 0
|7 0
|8 0
|a SNK
|b SNK
|d 2020-06-22
|i snk2020/10958
|l 0
|o snkČSC 3616/8/2019
|p 17A1388284
|r 2026-02-21 22:01:41
|t č. 1-4
|w 2026-02-21
|y PREZ
|z Č. 1 a 2 má označenie roč. 8, č. 3 a č. 4 má označenie roč. 9
|
| 952 |
|
|
|0 0
|1 0
|4 0
|7 0
|8 0
|a SNK
|b SNK
|d 2020-06-22
|i snk2020/10962
|l 0
|o snkČSC 3616/8/2019 D1
|p 17A1388283
|r 2026-02-21 22:01:41
|t č. 1-4
|w 2026-02-21
|y PREZ
|z Č. 1 a 2 má označenie roč. 8, č. 3 a č. 4 má označenie roč. 9
|
| 952 |
|
|
|0 0
|1 0
|4 0
|7 0
|8 0
|a SNK
|b SNK
|d 2016-05-03
|i snk2016/11282
|l 0
|o snkČSC 3616/2010
|p 17A1099827
|r 2026-02-21 22:16:49
|t č. 1
|w 2026-02-21
|y PREZ
|
| 952 |
|
|
|0 0
|1 0
|4 0
|7 0
|8 0
|a SNK
|b SNK
|d 2016-05-03
|i snk2016/11283
|l 0
|o snkČSC 3616/2011
|p 17A1099813
|r 2026-02-21 22:16:49
|t č. 1-4
|w 2026-02-21
|y PREZ
|
| 952 |
|
|
|0 0
|1 0
|4 0
|7 0
|8 0
|a SNK
|b SNK
|d 2016-05-03
|i snk2016/11291
|l 0
|o snkČSC 3616/2012
|p 17A1099814
|r 2026-02-21 22:16:49
|t č. 1-3
|w 2026-02-21
|y PREZ
|
| 952 |
|
|
|0 0
|1 0
|4 0
|7 0
|8 0
|a SNK
|b SNK
|d 2016-05-03
|i snk2016/11293
|l 0
|o snkČSC 3616/3/2013
|p 17A1099815
|r 2026-02-21 22:16:49
|t č. 1-4
|w 2026-02-21
|y PREZ
|
| 952 |
|
|
|0 0
|1 0
|4 0
|7 0
|8 0
|a SNK
|b SNK
|d 2016-05-03
|i snk2016/11299
|l 0
|o snkČSC 3616/4/2014
|p 17A1099816
|r 2026-02-21 22:16:49
|t č. 1-4
|w 2026-02-21
|y PREZ
|
| 952 |
|
|
|0 0
|1 0
|4 0
|7 0
|8 0
|a SNK
|b SNK
|d 2016-05-03
|i snk2016/11315
|l 0
|o snkČSC 3616/5/2015
|p 17A1099817
|r 2026-02-21 22:16:49
|t č. 1-4
|w 2026-02-21
|y PREZ
|
| 952 |
|
|
|0 0
|1 0
|4 0
|7 0
|8 0
|a SNK
|b SNK
|d 2016-05-03
|i snk2016/11336
|l 0
|o snkČSC 3616/2010 D1
|p 17A1099818
|r 2026-02-21 22:16:49
|t č. 1
|w 2026-02-21
|y PREZ
|
| 952 |
|
|
|0 0
|1 0
|4 0
|7 0
|8 0
|a SNK
|b SNK
|d 2016-05-03
|i snk2016/11341
|l 0
|o snkČSC 3616/2011 D1
|p 17A1099819
|r 2026-02-21 22:16:49
|t č. 1-4
|w 2026-02-21
|y PREZ
|
| 952 |
|
|
|0 0
|1 0
|4 0
|7 0
|8 0
|a SNK
|b SNK
|d 2016-05-03
|i snk2016/11344
|l 0
|o snkČSC 3616/2012 D1
|p 17A1099820
|r 2026-02-21 22:16:49
|t č. 1-3
|w 2026-02-21
|y PREZ
|
| 952 |
|
|
|0 0
|1 0
|4 0
|7 0
|8 0
|a SNK
|b SNK
|d 2016-05-03
|i snk2016/11350
|l 0
|o snkČSC 3616/3/2013 D1
|p 17A1099821
|r 2026-02-21 22:16:49
|t č. 1-4
|w 2026-02-21
|y PREZ
|
| 952 |
|
|
|0 0
|1 0
|4 0
|7 0
|8 0
|a SNK
|b SNK
|d 2016-05-03
|i snk2016/11351
|l 0
|o snkČSC 3616/4/2014 D1
|p 17A1099826
|r 2026-02-21 22:16:50
|t č. 1-4
|w 2026-02-21
|y PREZ
|